1000 Most Common Chinese Characters - Statistics

General Stats
  • This quiz has been taken 239 times
    236 since last reset
  • The average score is 192 of 1000
Answer Stats
Character Rank % Correct
4
91%
19
89%
2
85%
1
82%
5
82%
113
75%
3
74%
134
73%
236
72%
10
71%
21
71%
36
71%
9
70%
495
69%
313
68%
11
67%
23
66%
167
66%
176
65%
422
65%
6
63%
7
63%
87
63%
96
62%
8
61%
43
60%
543
60%
18
59%
45
59%
39
58%
562
58%
201
57%
67
56%
70
56%
72
56%
425
56%
24
55%
37
55%
46
55%
103
54%
112
54%
132
54%
20
53%
34
53%
35
53%
48
53%
63
53%
206 | 757
53%
968
53%
50
52%
15
51%
17
51%
192
51%
360
51%
546
51%
14
50%
33
50%
121
50%
124
50%
41
49%
81
49%
155
49%
219
49%
239
49%
16
48%
26
48%
158
48%
226
48%
383
48%
420
48%
58
47%
92
47%
52
46%
59
46%
68
46%
138
46%
218
46%
12
45%
25
45%
30
45%
51
45%
128
45%
22
44%
28
44%
42
44%
49
44%
55
44%
240
44%
261
44%
370
44%
404
44%
54
43%
56
43%
123
43%
149
43%
62
42%
204
42%
241
42%
西 312
42%
386
42%
74
41%
93
41%
106
41%
137
41%
287
41%
308
41%
319
41%
551
41%
57
40%
117
40%
140
40%
193
40%
213
40%
366
40%
400
40%
523
40%
729
40%
90
39%
130
39%
136
39%
153
39%
179
39%
182
39%
405
39%
521
39%
581
39%
86
38%
118
38%
148
38%
150
38%
183
38%
208
38%
265
38%
277
38%
336
38%
181
37%
254
37%
283
37%
285
37%
295
37%
610
37%
631
37%
900
37%
32
36%
61
36%
84
36%
97
36%
99
36%
157
36%
199
36%
288
36%
349
36%
417
36%
756
36%
771
36%
40
35%
69 | 754
35%
139
35%
154
35%
200
35%
793
35%
44
34%
151
34%
164
34%
215
34%
282
34%
327
34%
474
34%
919
34%
60
33%
82
33%
122
33%
127
33%
146
33%
190
33%
191
33%
207
33%
267
33%
281
33%
296
33%
362
33%
373
33%
513
33%
813
33%
829
33%
944
33%
29
32%
47
32%
64
32%
94
32%
177
32%
276
32%
502
32%
517
32%
105
31%
111
31%
161
31%
186
31%
262
31%
291
31%
403
31%
444
31%
816
31%
31
30%
53
30%
71
30%
76
30%
79
30%
95
30%
168
30%
210
30%
269
30%
341
30%
421
30%
650
30%
80
29%
83
29%
107
29%
141
29%
171
29%
229
29%
378
29%
412
29%
447
29%
457
29%
486
29%
499
29%
510
29%
826
29%
969
29%
101
28%
110
28%
133
28%
152
28%
170
28%
209
28%
228
28%
233
28%
253
28%
342
28%
390
28%
408
28%
432
28%
449
28%
535
28%
566
28%
849
28%
85
27%
89
27%
135
27%
163
27%
173 | 692
27%
212
27%
220
27%
263
27%
298
27%
385
27%
399
27%
454
27%
468
27%
514
27%
592
27%
672
27%
709
27%
924
27%
119
26%
160
26%
185
26%
223
26%
242
26%
266
26%
300
26%
345
26%
434
26%
500
26%
506
26%
601
26%
618
26%
739
26%
98
25%
102
25%
197
25%
198
25%
230
25%
243
25%
264
25%
289
25%
316
25%
321
25%
494
25%
496
25%
531
25%
583
25%
588
25%
703
25%
724
25%
759
25%
937
25%
142
24%
165
24%
178
24%
203
24%
232
24%
317
24%
329
24%
331
24%
365
24%
671
24%
694
24%
701
24%
790
24%
830 | 865
24%
116
23%
174
23%
227
23%
318
23%
便 330
23%
332
23%
374
23%
456
23%
550
23%
571
23%
582
23%
740
23%
836
23%
971
23%
91
22%
115
22%
126
22%
145
22%
188
22%
216
22%
224
22%
246
22%
260
22%
326
22%
339
22%
347
22%
357
22%
368
22%
376
22%
401
22%
587
22%
660
22%
773
22%
866
22%
926
22%
73 | 334
21%
78
21%
125
21%
187
21%
194
21%
256
21%
272
21%
304
21%
353
21%
354
21%
416
21%
482
21%
564
21%
625
21%
629
21%
658
21%
766
21%
804
21%
846
21%
850
21%
957
21%
75
20%
88
20%
100
20%
104
20%
114
20%
120
20%
144
20%
202
20%
222
20%
250
20%
251
20%
322
20%
344
20%
358
20%
533
20%
557
20%
637
20%
659
20%
834
20%
839
20%
38
19%
66
19%
143
19%
159
19%
使 175
19%
238
19%
244
19%
259
19%
278
19%
379
19%
437
19%
507
19%
511
19%
554
19%
612
19%
654
19%
711
19%
750
19%
802
19%
923
19%
933
19%
147
18%
237
18%
248
18%
325
18%
343
18%
350
18%
394
18%
397
18%
402
18%
451
18%
487
18%
493
18%
560
18%
864
18%
131
17%
180
17%
245
17%
249
17%
252
17%
273
17%
284
17%
323
17%
409
17%
442
17%
480
17%
532
17%
584
17%
622
17%
626
17%
707
17%
728
17%
735
17%
738
17%
958
17%
166
16%
217
16%
221
16%
328
16%
428
16%
509
16%
599
16%
613
16%
666
16%
755
16%
763
16%
828
16%
856
16%
861
16%
888
16%
911
16%
931
16%
953
16%
108
15%
109
15%
129
15%
189
15%
231
15%
271
15%
293
15%
306
15%
389
15%
411
15%
476
15%
497
15%
503
15%
519
15%
544
15%
545
15%
555
15%
655
15%
664
15%
803
15%
821
15%
912
15%
948
15%
27
14%
172
14%
205
14%
279
14%
311
14%
314
14%
340
14%
356
14%
423
14%
461
14%
477
14%
508
14%
518
14%
520
14%
548
14%
569
14%
577
14%
606
14%
619
14%
669
14%
广 670
14%
717
14%
746
14%
761
14%
783
14%
799
14%
842
14%
穿 994
14%
257
13%
301
13%
303
13%
310
13%
315
13%
337
13%
364
13%
375
13%
415
13%
440
13%
471
13%
488
13%
541
13%
627
13%
647
13%
662
13%
667
13%
679
13%
734
13%
780
13%
815
13%
853
13%
893
13%
927
13%
962
13%
976
13%
990
13%
184
12%
214
12%
258
12%
268
12%
294
12%
297
12%
369
12%
387
12%
398
12%
426
12%
427
12%
429
12%
470
12%
481
12%
501
12%
516
12%
538
12%
556
12%
570
12%
594
12%
621
12%
628
12%
646
12%
673
12%
691
12%
693
12%
727
12%
741
12%
748
12%
778
12%
797
12%
807
12%
814
12%
818
12%
871
12%
884
12%
895
12%
910
12%
954
12%
195
11%
275
11%
292
11%
299
11%
307
11%
333
11%
338
11%
361
11%
406
11%
线 407
11%
410
11%
424
11%
452
11%
472
11%
479
11%
484
11%
567
11%
634
11%
656
11%
674
11%
699
11%
749
11%
751
11%
781
11%
810
11%
820
11%
867
11%
913
11%
918
11%
956
11%
973
11%
13
10%
247
10%
324
10%
381
10%
414
10%
430
10%
448
10%
450
10%
455
10%
460
10%
466
10%
528
10%
542
10%
549
10%
565
10%
572
10%
579
10%
652 | 943
10%
675
10%
684
10%
731
10%
767
10%
838
10%
874
10%
875
10%
891
10%
899
10%
904
10%
929
10%
960
10%
996
10%
196
9%
235
9%
367
9%
396
9%
413
9%
419
9%
431
9%
445
9%
446
9%
453
9%
458
9%
469
9%
504
9%
515
9%
524
9%
539
9%
540
9%
561
9%
568
9%
574
9%
575
9%
591
9%
605
9%
644
9%
682
9%
747
9%
753
9%
832
9%
833
9%
848
9%
889
9%
907
9%
270
8%
305
8%
320
8%
335
8%
384
8%
391
8%
473
8%
475
8%
489
8%
512
8%
529
8%
573
8%
611
8%
617
8%
633
8%
635
8%
638
8%
643
8%
649
8%
689
8%
696
8%
712
8%
715
8%
722
8%
784
8%
792
8%
809
8%
825
8%
851
8%
852
8%
854
8%
855
8%
873
8%
952
8%
974
8%
987
8%
988
8%
77
7%
156
7%
286
7%
290
7%
372
7%
377
7%
382
7%
388
7%
392
7%
435
7%
443
7%
462
7%
464
7%
467 | 916
7%
491
7%
527
7%
558
7%
578
7%
585
7%
593
7%
595
7%
616
7%
620 | 928
7%
623
7%
636
7%
648
7%
665
7%
687
7%
704
7%
705
7%
710
7%
713
7%
720
7%
721
7%
736
7%
762
7%
764
7%
779
7%
789
7%
805
7%
宿 819
7%
837
7%
844
7%
917
7%
970
7%
978
7%
211
6%
255
6%
280
6%
302
6%
355
6%
359
6%
363
6%
393
6%
418
6%
438
6%
439
6%
459
6%
465
6%
478
6%
492
6%
522
6%
530
6%
537
6%
576
6%
598
6%
602
6%
607
6%
609
6%
615
6%
639
6%
640
6%
651
6%
678
6%
680
6%
697
6%
708
6%
716
6%
719
6%
732
6%
733
6%
772
6%
776
6%
777
6%
791
6%
796
6%
817
6%
860
6%
862
6%
869
6%
882
6%
908
6%
退 909
6%
915
6%
932
6%
940
6%
951
6%
955
6%
966
6%
975
6%
982
6%
998
6%
225
5%
441
5%
498
5%
525
5%
536
5%
547
5%
563
5%
580
5%
586
5%
604
5%
645
5%
661
5%
677
5%
681
5%
683
5%
怀 702
5%
758
5%
769
5%
775
5%
786
5%
808
5%
822
5%
831
5%
841
5%
857
5%
859
5%
879
5%
881
5%
896
5%
898
5%
902
5%
920
5%
921
5%
947
5%
977
5%
979
5%
983
5%
992
5%
999
5%
65
4%
234
4%
348
4%
380
4%
395
4%
433
4%
490
4%
552
4%
589
4%
600
4%
603
4%
614
4%
653
4%
663
4%
668
4%
690
4%
718
4%
723
4%
725
4%
726
4%
742
4%
745
4%
752
4%
760
4%
765
4%
782
4%
801
4%
806
4%
823
4%
824
4%
863
4%
872
4%
885
4%
894
4%
901
4%
905
4%
930
4%
936
4%
945
4%
950
4%
959
4%
989
4%
993
4%
162
3%
274
3%
309
3%
352
3%
436
3%
463
3%
483
3%
534
3%
559
3%
608
3%
632
3%
641
3%
642
3%
676
3%
685
3%
686
3%
688
3%
700
3%
737
3%
743
3%
770
3%
774
3%
785
3%
788
3%
795
3%
811
3%
845
3%
878
3%
883
3%
914
3%
925
3%
939
3%
946
3%
965
3%
346
2%
351
2%
505
2%
553
2%
596
2%
597
2%
630
2%
657
2%
695
2%
698
2%
706
2%
787
2%
812
2%
827
2%
835
2%
840
2%
858
2%
870
2%
876
2%
877
2%
886
2%
890
2%
906
2%
934
2%
935
2%
938
2%
942
2%
967
2%
981
2%
984
2%
991
2%
371
1%
485
1%
526
1%
624
1%
730
1%
768
1%
798
1%
800
1%
847
1%
868
1%
892
1%
897
1%
903
1%
922
1%
941
1%
963
1%
964
1%
972
1%
980
1%
985
1%
986
1%
995
1%
997
1%
1000
1%
169
0%
590
0%
714
0%
744
0%
794
0%
843
0%
880
0%
887
0%
949
0%
961
0%
No matching quizzes found
Score Distribution
Percent of People with Each Score
Percentile by Number Answered
Your Score History
You have not taken this quiz since the last reset